Football : Parcours Tottenham Europa League 2025 - Statistiques

Statistiques générales
  • Ce quiz a été pris 116 fois
  • Le résultat moyen est 9 sur 15
Statistiques - réponses
Tour Score Adversaire % Correct
Finale Victoire 1-0 Manchester United
98%
Demies Victoire 3-1 Bodo Glimt
80%
Demies Victoire 2-0 Bodo Glimt
80%
Quarts Nul 1-1 Frankfurt
72%
Quarts Victoire 1-0 Frankfurt
72%
Ligue Victoire 1-0 AZ Alkmaar
70%
Huitièmes Défaite 1-0 AZ Alkmaar
70%
Huitièmes Victoire 3-1 AZ Alkmaar
70%
Ligue Nul 2-2 As Roma
66%
Ligue Défaite 3-2 Galatasaray
48%
Ligue Victoire 3-0 Qarabag
41%
Ligue Nul 1-1 Rangers
39%
Ligue Victoire 3-2 Hoffenheim
35%
Ligue Victoire 3-0 Elfsborg
33%
Ligue Victoire 2-1 Ferencvaros
19%
Aucun quiz correspondant
Distribution des résultats
% des personnes avec chaque résultat
Percentile par nombre de réponses
Votre historique - résultats
Vous n’avez pas pris ce quiz